pvz characters - Statistics

General Stats
  • This quiz has been taken 86 times
  • The average score is 11 of 13
Answers on the Grid
Answers color-coded by a green-red scale on the quiz's grid according to % correct below.
peashooter
mario
steve
sunflower
fireman sam
peter pan
grug
bruno mars
cactus
dr zomboss
nemo
drake
rose
kernal corn
kendrick lamer
imp
kronk
super brainz
arthur morgan
jack black
captian deadbeard
nba youngboy
chomper
foot solider
crazy dave
luigi
all-star
kurt cobain
lenardo da vinchi
yzma
 
Answer Stats
Answer % Correct
peashooter
100%
cactus
92%
crazy dave
92%
sunflower
92%
dr zomboss
90%
chomper
85%
imp
83%
super brainz
80%
kernal corn
77%
captian deadbeard
73%
rose
68%
all-star
65%
foot solider
65%
No matching quizzes found
Score Distribution
Percent of People with Each Score
Percentile by Number Answered
Your Score History
You have not taken this quiz